<?xml version="1.0" encoding="UTF-8"?><?xml-stylesheet type="text/xsl" href="static/style.xsl"?><OAI-PMH xmlns="http://www.openarchives.org/OAI/2.0/" xmlns:xsi="http://www.w3.org/2001/XMLSchema-instance" xsi:schemaLocation="http://www.openarchives.org/OAI/2.0/ http://www.openarchives.org/OAI/2.0/OAI-PMH.xsd"><responseDate>2026-04-14T19:50:07Z</responseDate><request verb="GetRecord" identifier="oai:uvadoc.uva.es:10324/45075" metadataPrefix="marc">https://uvadoc.uva.es/oai/request</request><GetRecord><record><header><identifier>oai:uvadoc.uva.es:10324/45075</identifier><datestamp>2021-06-24T07:17:05Z</datestamp><setSpec>com_10324_44585</setSpec><setSpec>com_10324_954</setSpec><setSpec>com_10324_894</setSpec><setSpec>col_10324_44586</setSpec></header><metadata><record xmlns="http://www.loc.gov/MARC21/slim" xmlns:doc="http://www.lyncode.com/xoai" xmlns:xsi="http://www.w3.org/2001/XMLSchema-instance" xmlns:dcterms="http://purl.org/dc/terms/" xsi:schemaLocation="http://www.loc.gov/MARC21/slim http://www.loc.gov/standards/marcxml/schema/MARC21slim.xsd">
<leader>00925njm 22002777a 4500</leader>
<datafield tag="042" ind1=" " ind2=" ">
<subfield code="a">dc</subfield>
</datafield>
<datafield tag="720" ind1=" " ind2=" ">
<subfield code="a">Villalobos Jorge, Carlos</subfield>
<subfield code="e">author</subfield>
</datafield>
<datafield tag="720" ind1=" " ind2=" ">
<subfield code="a">Núñez Llorente, Lucía</subfield>
<subfield code="e">author</subfield>
</datafield>
<datafield tag="720" ind1=" " ind2=" ">
<subfield code="a">Chamero, Pablo</subfield>
<subfield code="e">author</subfield>
</datafield>
<datafield tag="720" ind1=" " ind2=" ">
<subfield code="a">Alonso Alonso, María Teresa</subfield>
<subfield code="e">author</subfield>
</datafield>
<datafield tag="720" ind1=" " ind2=" ">
<subfield code="a">García-Sancho Martín, Francisco Javier</subfield>
<subfield code="e">author</subfield>
</datafield>
<datafield tag="260" ind1=" " ind2=" ">
<subfield code="c">2001</subfield>
</datafield>
<datafield tag="520" ind1=" " ind2=" ">
<subfield code="a">Mitochondria take up calcium during cell activation thus shaping Ca2+ signaling and exocytosis. In turn, Ca2+ uptake by mitochondria increases respiration and ATP synthesis. Targeted aequorins are excellent Ca2+ probes for subcellular analysis, but single-cell imaging has proven difficult. Here we combine virus-based expression of targeted aequorins with photon-counting imaging to resolve dynamics of the cytosolic, mitochondrial, and nuclear Ca2+ signals at the single-cell level in anterior pituitary cells. These cells exhibit spontaneous electric activity and cytosolic Ca2+oscillations that are responsible for basal secretion of pituitary hormones and are modulated by hypophysiotrophic factors. Aequorin reported spontaneous [Ca2+] oscillations in all the three compartments, bulk cytosol, nucleus, and mitochondria. Interestingly, a fraction of mitochondria underwent much larger [Ca2+] oscillations, which were driven by local high [Ca2+] domains generated by the spontaneous electric activity. These oscillations were large enough to stimulate respiration, providing the basis for local tune-up of mitochondrial function by the Ca2+ signal.</subfield>
</datafield>
<datafield tag="024" ind2=" " ind1="8">
<subfield code="a">Journal of Biological Chemistry, 2001, vol. 276, n. 43. p. 40293-40297</subfield>
</datafield>
<datafield tag="024" ind2=" " ind1="8">
<subfield code="a">0021-9258</subfield>
</datafield>
<datafield tag="024" ind2=" " ind1="8">
<subfield code="a">http://uvadoc.uva.es/handle/10324/45075</subfield>
</datafield>
<datafield tag="024" ind2=" " ind1="8">
<subfield code="a">10.1074/jbc.C100465200</subfield>
</datafield>
<datafield tag="245" ind1="0" ind2="0">
<subfield code="a">Mitochondrial [Ca2+] oscillations driven by local high [Ca2+] domains generated by spontaneous electric activity</subfield>
</datafield>
</record></metadata></record></GetRecord></OAI-PMH>